000 00438nam a2200133Ia 4500
005 20260209120136.0
008 260209s9999||||xx |||||||||||||| ||und||
100 _aAbhishek K
245 0 _aProtection of journalists in armed conflicts
260 _aBangaloreBangalore
_bNLSIU
_c2016
300 _a70 p. ; 25 cm.
700 _aProf. H.K. Nagaraja - GuideProf. H.K. Nagaraja - Guide
856 _uhttps://dans.nls.ac.in/handle/123456789/1648
999 _c217242
_d217242